Kariera trenerska Ronalda Koemana. - Statystyki

Ogólne statystyki
  • Ten quiz został rozwiązany 71 razy
  • Średni wynik to 6 z 11
Statystyki odpowiedzi
Lata Odpowiedź % Poprawnych
2020-teraz Barcelona
98%
2018-2020 Holandia
84%
2001-2005 Ajax
81%
2006-2007 PSV
77%
2011-2014 Feyenoord
55%
2016-2017 Everton
50%
2014-2016 Southampton
39%
2009-2009 AZ Alkmaar
30%
2007-2008 Valencia
25%
2000-2001 Vitesse
8%
2005-2006 Benfica
3%
Nie znaleziono quizów pasujących do podanych kryteriów
Rozkład punktacji
Procent ludzi z każdym wynikiem
Percentyl według liczby udzielonych odpowiedzi
Twoja historia wyników
Nie rozwiązałeś tego quizu